00277nam a2200109Ia 4500008004000000082001600040100002100056245001800077260003100095300001200126650002900138210210b1972 xxu||||| |||| 00| 0 eng d a133.32 TOFF aTOFFLER (Alvin). aFuture shock. aLondonbBantam booksc1972 axiv,561 aPredictions Meditatio